000
00294nam a22001337a 4500
008
181011b xxu||||| |||| 00| 0 eng d
020
_a
9780205393299
041
_a
eng
080
_2
10th
_a
159.9
100
_a
48
101
_a
PSI
245
_a
The Developing Child
_c
Bee,H
942
_2
udc
_c
BK
999
_c
49413
_d
49413